| 000 | 00893nam a2200253Ia 4500 | ||
|---|---|---|---|
| 003 | OSt | ||
| 005 | 20221005111152.0 | ||
| 006 | a|||||r|||| 00| 0 | ||
| 007 | ta | ||
| 008 | 221004b |||||||| |||| 00| 0 hin d | ||
| 020 |
_a9789350004883 (hbk) _c250 |
||
| 024 | _a104566 | ||
| 037 |
_b372, 17/02/2011, Vani Prakashan _cTextual |
||
| 040 |
_aCRL _cCRL _bhin |
||
| 041 |
_2hin _ahin |
||
| 082 | _aO152,1N08,25:g, Q0 | ||
| 100 | _aगोपेश्वर सिंह | ||
| 245 | 0 | _aकल्पना का उर्वशी विवाद | |
| 246 | _aKalpanā kā urvashī vivāda | ||
| 260 |
_aनई दिल्ली _bवाणी प्रकाशन भारत _c2010 |
||
| 300 |
_a125पृ0 _ccm. |
||
| 942 |
_hO152,1N08,25:g, Q0 _cTEXL _2cc |
||
| 999 |
_c1021021 _d1021021 |
||